[Event "Sparkassen-Open A"]
[Site "Heusenstamm, Martinsee"]
[Date "2025.11.22"]
[Round "4.96"]
[White "Voss, Georg"]
[Black "Nguyen, Minh An"]
[Result "1/2-1/2"]
[WhiteElo "1886"]
[BlackElo "1768"]
[PlyCount "93"]
[EventDate "2025.11.20"]
[WhiteTeam "SV Meschede e. V."]
[BlackTeam "SV 1920 Hofheim"]

1. e4 c5 2. c3 Nf6 3. e5 Ng8 4. Nf3 d6 5. exd6 Qxd6 6. d4 cxd4 7. Qxd4 e6 8. Bf4 Qxd4 9. Nxd4 a6 10. a4 Nf6 11. Nd2 Nbd7 12. Nc2 Be7 13. Be2 O-O 14. O-O Nc5 15. Nc4 Nd5 16. Bg3 Bd7 17. a5 Bb5 18. Nd4 Bxc4 19. Bxc4 Rfd8 20. Rfe1 Bf6 21. Nb3 Rac8 22. Nxc5 Rxc5 23. Bf1 Ne7 24. Ra4 Nf5 25. Bf4 h6 26. g4 Nh4 27. Be2 Rd7 28. Bg3 Rd2 29. Rb4 Rd7 30. Bxh4 Bxh4 31. Bf3 Rd2 32. Re2 Rd6 33. Rxb7 Rxa5 34. c4 Rc5 35. b3 g6 36. Ra2 a5 37. Be2 Bg5 38. b4 axb4 39. Rxb4 Rc7 40. Rc2 Rdc6 41. Kg2 Kf8 42. Kg3 Ke7 43. f4 Bf6 44. Rb5 Bd4 45. f5 e5 46. fxg6 fxg6 47. Bd3 1/2-1/2

[Event "Sparkassen-Open A"]
[Site "Heusenstamm, Martinsee"]
[Date "2025.11.22"]
[Round "4.97"]
[White "Rüll, Michael"]
[Black "Faßler, Felix"]
[Result "0-1"]
[WhiteElo "1785"]
[BlackElo "1859"]
[PlyCount "64"]
[EventDate "2025.11.20"]
[WhiteTeam "SC 1952 Obertshausen"]
[BlackTeam "SC Fulda"]

1. d4 d5 2. Nc3 Nf6 3. Bf4 c5 4. e4 Nxe4 5. Nxe4 dxe4 6. dxc5 Qa5+ 7. Qd2 Qxc5 8. O-O-O Nc6 9. f3 e5 10. Bg3 e3 11. Qd3 Be6 12. Qb5 Qxb5 13. Bxb5 f6 14. Kb1 Bc5 15. Ne2 Ke7 16. Nc3 Rad8 17. f4 exf4 18. Bxf4 g5 19. Bc7 Rxd1+ 20. Rxd1 f5 21. Na4 Bb6 22. Nxb6 axb6 23. g3 Rc8 24. Bxb6 f4 25. gxf4 gxf4 26. Rf1 Nb4 27. Rxf4 Nd5 28. Rf3 Nxb6 29. Rxe3 Rg8 30. Re1 Kd6 31. a4 Rg2 32. a5 Nd5 0-1

[Event "Sparkassen-Open A"]
[Site "Heusenstamm, Martinsee"]
[Date "2025.11.22"]
[Round "4.98"]
[White "Mehlen, Theodor"]
[Black "Moors, Christoph"]
[Result "1/2-1/2"]
[WhiteElo "1807"]
[BlackElo "1908"]
[PlyCount "42"]
[EventDate "2025.11.20"]
[WhiteTeam "SC Matt im Park Ffm"]
[BlackTeam "SC Erkrath 1973"]

1. e4 e5 2. Nf3 Nc6 3. Bc4 Bc5 4. c3 Nf6 5. d3 d6 6. O-O a5 7. a4 Ba7 8. h3 h6 9. Nbd2 O-O 10. Re1 Be6 11. Bxe6 fxe6 12. Nf1 Ne7 13. Ng3 Ng6 14. d4 Qe7 15. b3 Nd7 16. Ra2 Nh4 17. Nxh4 Qxh4 18. Be3 Kh7 19. Qg4 Qxg4 20. hxg4 g6 21. Rd2 Kg7 1/2-1/2

[Event "Sparkassen-Open A"]
[Site "Heusenstamm, Martinsee"]
[Date "2025.11.22"]
[Round "4.99"]
[White "Brehme, Ralf-Peter"]
[Black "Eitel, Luc"]
[Result "1-0"]
[WhiteElo "1923"]
[BlackElo "1855"]
[PlyCount "73"]
[EventDate "2025.11.20"]
[WhiteTeam "Vorw.Orient Mainz"]
[BlackTeam "SAbt SV Werder Bremen"]

1. f4 d5 2. Nf3 c5 3. e3 Nc6 4. Bb5 Bd7 5. b3 a6 6. Bxc6 Bxc6 7. Ne5 Nf6 8. Nxc6 bxc6 9. c4 e6 10. O-O Be7 11. d3 O-O 12. Bb2 a5 13. Nc3 Qb8 14. Na4 Qa7 15. Rf3 Nd7 16. Rg3 Bf6 17. Qg4 d4 18. Rf1 Kh8 19. e4 g6 20. e5 Bg7 21. Ba3 Rae8 22. Rh3 h6 23. Qf3 Rc8 24. Qe4 Rfd8 25. g4 Kg8 26. Kh1 Rb8 27. Rg3 Bf8 28. f5 exf5 29. gxf5 Nxe5 30. Qxe5 Bd6 31. Qf6 Bxg3 32. hxg3 Qd7 33. Bxc5 Re8 34. Bxd4 Kf8 35. Nc5 Qc8 36. Ne6+ Rxe6 37. fxe6 1-0

[Event "Sparkassen-Open A"]
[Site "Heusenstamm, Martinsee"]
[Date "2025.11.22"]
[Round "4.100"]
[White "Ellsiepen, Luca"]
[Black "Werner, Tom"]
[Result "0-1"]
[WhiteElo "1866"]
[BlackElo "1895"]
[PlyCount "78"]
[EventDate "2025.11.20"]
[WhiteTeam "SK Marburg 1931/72"]
[BlackTeam "VSG 1880 Offenbach"]

1. e4 e6 2. d4 d5 3. e5 c5 4. c3 Nc6 5. Nf3 Bd7 6. Bd3 Nge7 7. O-O Rc8 8. Re1 cxd4 9. a3 dxc3 10. Nxc3 a6 11. Bg5 h6 12. Be3 Na5 13. Rb1 Nc4 14. Bd4 b5 15. a4 b4 16. Ne2 Nc6 17. b3 Nxd4 18. Nexd4 Na3 19. Rc1 Rxc1 20. Qxc1 Qb6 21. Qf4 Bc5 22. Re2 O-O 23. h4 f5 24. h5 Be8 25. Qh4 Bxh5 26. Qxh5 Bxd4 27. Bxa6 Bxf2+ 28. Rxf2 Qxa6 29. Qh4 Qb6 30. Nd4 Rf7 31. Nxe6 Qxe6 32. Qxb4 Qe7 33. Qd4 Qe6 34. Qb4 Qxe5 35. Qxa3 Rc7 36. a5 Qe3 37. Qb2 Rc1+ 38. Kh2 f4 39. b4 Qg3# 0-1

[Event "Sparkassen-Open A"]
[Site "Heusenstamm, Martinsee"]
[Date "2025.11.22"]
[Round "4.101"]
[White "Klebs, Sebastian"]
[Black "Senatov, Boris"]
[Result "1-0"]
[WhiteElo "1845"]
[BlackElo "1880"]
[PlyCount "93"]
[EventDate "2025.11.20"]
[WhiteTeam "Karlsruher SF 1853"]
[BlackTeam "SC Heusenstamm"]

1. e4 c5 2. Nf3 d6 3. c3 Nf6 4. Qc2 e6 5. d4 Nbd7 6. Bd3 Be7 7. O-O e5 8. dxe5 dxe5 9. c4 O-O 10. Nc3 Bd6 11. Nd5 h6 12. h3 Re8 13. Re1 Nf8 14. Be3 Ne6 15. Qd2 Nd4 16. Bxd4 cxd4 17. b4 b6 18. Rac1 Be6 19. a3 Rc8 20. Qe2 Nd7 21. Qd2 f6 22. Qe2 Nf8 23. Nh4 g6 24. Qf3 Kg7 25. Qg3 Kh7 26. Nf3 Nd7 27. Nh4 Rg8 28. Qf3 Bf7 29. Qe2 f5 30. Nf3 f4 31. g3 g5 32. Nxd4 Bg6 33. Nf5 Bf8 34. g4 Qe8 35. f3 Bxf5 36. exf5 Bd6 37. Qe4 Qf7 38. Kg2 Kg7 39. Rcd1 Nf6 40. Nxf6 Qxf6 41. Qe2 Rc7 42. Be4 Qe7 43. Bd5 Re8 44. Be6 Kf6 45. Rd5 Kg7 46. Red1 Rd8 47. Qd3 1-0

[Event "Sparkassen-Open A"]
[Site "Heusenstamm, Martinsee"]
[Date "2025.11.22"]
[Round "4.102"]
[White "Einsfeld, Ben"]
[Black "Kessler, Georg"]
[Result "0-1"]
[WhiteElo "1815"]
[BlackElo "1876"]
[PlyCount "78"]
[EventDate "2025.11.20"]
[WhiteTeam "Sfr.Mainz 1928"]
[BlackTeam "SC Sulzbach-Rosenberg"]

1. d4 Nf6 2. c4 e6 3. Nc3 d5 4. Bf4 Nh5 5. Bc1 Nf6 6. Nf3 Be7 7. e3 O-O 8. Bd3 b6 9. cxd5 exd5 10. O-O Bb7 11. b3 Nbd7 12. Bb2 Ne4 13. Rc1 c5 14. Bb5 a6 15. Bxd7 Qxd7 16. dxc5 Nxc3 17. Rxc3 bxc5 18. Ba3 Rac8 19. Qd2 Qg4 20. h3 Qf5 21. Qc2 Qxc2 22. Rxc2 Rc7 23. Rfc1 Rfc8 24. Ne1 Bf8 25. Kf1 a5 26. Ke2 Ba6+ 27. Kd2 g6 28. Rc3 d4 29. R3c2 dxe3+ 30. Kxe3 Re8+ 31. Kf3 Bd6 32. g3 Bb7+ 33. Kg4 Re4+ 34. f4 h5+ 35. Kg5 f6+ 36. Kxg6 Rg7+ 37. Kxh5 Bd5 38. Bxc5 Bf7+ 39. Kh4 Bxf4 0-1

[Event "Sparkassen-Open A"]
[Site "Heusenstamm, Martinsee"]
[Date "2025.11.22"]
[Round "4.103"]
[White "Winand, Edgar"]
[Black "Diehl, Stefan"]
[Result "0-1"]
[WhiteElo "1876"]
[BlackElo "1832"]
[PlyCount "64"]
[EventDate "2025.11.20"]
[WhiteTeam "SVKT Bad Camberg 2025"]
[BlackTeam "SC 1910 Höchst"]

1. g4 e5 2. d3 d5 3. Bg2 c6 4. h3 Bc5 5. Nc3 Qb6 6. e3 Qd8 7. e4 Be6 8. Nge2 d4 9. Nb1 Nd7 10. f4 Qh4+ 11. Kf1 exf4 12. Bxf4 Qe7 13. c3 Bd6 14. Bxd6 Qxd6 15. Nxd4 Ne7 16. Nxe6 fxe6 17. Ke2 Qg3 18. Bf3 Ne5 19. Nd2 Nxf3 20. Nxf3 O-O 21. Qf1 Rad8 22. Rg1 Qd6 23. Qd1 Ng6 24. d4 Nf4+ 25. Kd2 Nxh3 26. Rf1 Qf4+ 27. Kd3 Qg3 28. Ke3 Ng5 29. Qe2 Qf4+ 30. Kd3 Nxf3 31. Kc2 Rf7 32. Rf2 Nxd4+ 0-1